|
|
|
|
| LEADER |
00000cam a22000002c 4500 |
| 001 |
254522696 |
| 003 |
DE-627 |
| 005 |
20260111112603.0 |
| 007 |
tu |
| 008 |
990210s1983 xx ||||| 00| ||und c |
| 035 |
|
|
|a (DE-627)254522696
|
| 035 |
|
|
|a (DE-576)9254522694
|
| 035 |
|
|
|a (DE-599)GBV254522696
|
| 035 |
|
|
|a (OCoLC)246022400
|
| 040 |
|
|
|a DE-627
|b ger
|c DE-627
|e rakwb
|
| 088 |
|
|
|a DHHS/PUB/ADM-83-1261
|
| 088 |
|
|
|a NIAAA/NCALI-86-19
|
| 088 |
|
|
|a PB87-119244
|
| 245 |
0 |
0 |
|a Biological approach to alcohol
|b proceedings of a conference ; held at New York, NY on September 30 - October 1, 1980 /National Institute on Alcohol Abuse and Alcoholism, Rockville, MD, spons. by Mount Sinai School of Medicine, New York; ed. by C. S. Lieber
|
| 264 |
|
1 |
|a Rockville
|b National Institute on Alcohol Abuse and Alcoholism
|c 1983
|
| 300 |
|
|
|a 542 S.
|
| 336 |
|
|
|a Text
|b txt
|2 rdacontent
|
| 337 |
|
|
|a ohne Hilfsmittel zu benutzen
|b n
|2 rdamedia
|
| 338 |
|
|
|a Band
|b nc
|2 rdacarrier
|
| 490 |
0 |
|
|a Research mono.
|v 11
|
| 490 |
0 |
|
|a DHHS/PUB/ADM
|v 83-1261
|
| 490 |
0 |
|
|a NIAAA/NCALI
|v 86-19
|
| 583 |
1 |
|
|a Archivierung prüfen
|c 20240324
|f DE-4165
|z 1
|2 pdager
|
| 583 |
1 |
|
|a Archivierung/Langzeitarchivierung gewährleistet
|c 20240722
|f NI-LastCopies
|x XA-DE-NI
|z Potenzieller Alleinbesitz Niedersachsen
|2 pdager
|5 DE-89
|
| 583 |
1 |
|
|a Archivierung prüfen
|c 20250927
|f DE-640
|z 1
|2 pdager
|
| 655 |
|
7 |
|a Konferenzschrift
|0 (DE-588)1071861417
|0 (DE-627)826484824
|0 (DE-576)433375485
|2 gnd-content
|
| 700 |
1 |
|
|a Lieber, C. S.
|4 oth
|
| 710 |
2 |
|
|a National Institute on Alcohol Abuse and Alcoholism, Rockville, MD
|4 oth
|
| 710 |
2 |
|
|a Mount Sinai School of Medicine, New York
|4 oth
|
| 935 |
|
|
|a mkri
|
| 951 |
|
|
|a BO
|
| ELC |
|
|
|b 1
|
| LOK |
|
|
|0 000 xxxxxcx a22 zn 4500
|
| LOK |
|
|
|0 001 4749838969
|
| LOK |
|
|
|0 003 DE-627
|
| LOK |
|
|
|0 004 254522696
|
| LOK |
|
|
|0 005 20250725132446
|
| LOK |
|
|
|0 008 250725||||||||||||||||ger|||||||
|
| LOK |
|
|
|0 040
|a DE-Frei85
|c DE-627
|d DE-Frei85
|
| LOK |
|
|
|0 852
|a DE-Frei85
|
| LOK |
|
|
|0 852 1
|m p
|9 00
|
| LOK |
|
|
|0 935
|a reko
|
| LOK |
|
|
|0 938
|k p
|
| LOK |
|
|
|0 939
|a 25-07-25
|b l01
|
| ORI |
|
|
|a SA-MARC-krimdoka001.raw
|